The First 100 Words of Peter Pan - Statistics

General Stats
  • This quiz has been taken 60 times
  • The average score is 43 of 100
Answer Stats
Answer % Correct
a
96%
I
91%
the
87%
when
83%
on
77%
in
72%
to
72%
and
68%
was
68%
Wendy
68%
up.
66%
up,
66%
you
66%
You
66%
she
60%
for
57%
that
55%
They
55%
they
55%
children,
53%
this.
51%
this
51%
This
51%
All
49%
all
49%
day
49%
her
49%
it
49%
one,
49%
will
49%
are
45%
but
45%
have
45%
know
45%
One
45%
grow
43%
mother.
43%
Darling
36%
knew
36%
them
36%
must
34%
old
34%
like
32%
two
32%
two.
32%
why
32%
years
30%
with
28%
can't
26%
except
26%
looked
23%
always
21%
Mrs.
21%
way
21%
after
19%
playing
19%
garden,
17%
"Oh,
17%
put
17%
hand
15%
soon
15%
cried,
11%
flower
11%
forever!"
11%
subject,
11%
delightful,
9%
heart
9%
remain
9%
suppose
9%
another
6%
between
6%
passed
6%
plucked
6%
ran
6%
rather
6%
henceforth
4%
No matching quizzes found
Score Distribution
Percent of People with Each Score
Percentile by Number Answered
Your Score History
You have not taken this quiz